000 00544nam a2200193Ia 4500
008 151119s9999||||xx |||||||||||||| ||und||
082 _a301.153
082 _bGKKV9828
100 _aगांधी महात्मा
245 _aमंगल प्रभात
260 _a--
260 _b--
260 _c0
600 _aगांधी महात्मा
630 _aमंगल प्रभात
700 _aगांधी महात्मा
730 _aमंगल प्रभात
942 _cBOOK
999 _c1064060
_d1064057